000 00578cam a2200205 4500500
005 20260329003137.0
041 _afre
042 _adc
100 1 0 _aLequin, Mathilde
_eauthor
245 0 0 _aCryptes de Derrida
260 _c2014.
500 _a54
690 _aDerrida
690 _aGénérosité
690 _amaudit
690 _aRogozinski
690 _aVérité
786 0 _nPhilosophie magazine | 84 | 11 | 2014-11-01 | p. 83-83 | 1951-1787
856 4 1 _uhttps://shs.cairn.info/magazine-philosophie-magazine-2014-11-page-83?lang=fr&redirect-ssocas=7080
999 _c1821802
_d1821802